Riconosci il Calciatore - Quiz n°1081 - Statistics

Statistiche generali
  • Questo quiz è stato fatto 5 volte
  • Il punteggio medio è 12 su 21
Statistiche sulle risposte
Indizio Risposta % Corretto
Ruolo Centrocampista
100%
Nazionalità Inghilterra
100%
Squadra di club 9 Boston Utd 2004-2004
75%
Squadra di club 6 Everton 2000-2002
75%
Trofei per club FA Youth Cup: 1
Newcastle: 1984-1985
Coppa d'Inghilterra: 1
Tottenham: 1990-1991
Campionato scozzese: 2
Rangers: 1995-1996, 1996-1997
Coppa di Scozia: 1
Rangers: 1995-1996
Coppa di Lega scozzese: 1
Rangers: 1996-1997
75%
Gol in nazionale 10
50%
Gol nei club 110
50%
Altezza 177 cm
50%
Data di nascita 27/05/1967
50%
Presenze nei club 468
50%
Presenze in nazionale 57
50%
Squadra di club 7 Burnley 2022-2002
50%
Trofei individuali Giovane dell'anno della PFA: 1
1988
Riconoscimenti accessori al campionato mondiale di calcio: 2
Trofeo FIFA Fair Play 1990
All-Star Team 1990
Personalità dell'anno BBC Sports: 1
1990
Capocannoniere della Football League Cup: 1
1990-1991 (6 gol)
Giocatore dell'anno della SFWA: 1
1996
Giocatore dell'anno della SPFA: 1
1996
Top 11 Europei 1996: 1
Hall of Fame del calcio inglese: 1
2002
Hall of Fame dei Glasgow Rangers: 1
2006
50%
Squadra di club 3 Lazio 1992-1995
50%
Squadra di club 5 Middlesbrough 1998-2000
50%
Squadra di club 8 Ningbo Yaoma 2003-2003
50%
Squadra di club 1 NMewcastle Utd 1985-1988
50%
Squadra di club 4 Rangers 1995-1998
50%
Squadra di club 2 Tottenham 1988-1992
50%
Trofei per nazionali Coppa Stanley Rous: 1
Inghilterra: 1989
Torneo di Francia: 1
Inghilterra: 1997
25%
Calciatore Paul Gascoigne
25%
Nessun quiz corrispondente trovato
Distribuzione punteggi
Percentuale di utenti per punteggio
Percentile per numero di risposta
I tuoi punteggi nel tempo
Non hai fatto questo quiz